[Event "13th EICC"]
[Site "Plovdiv BUL"]
[Date "2012.03.28"]
[Round "8.52"]
[White "Popov, Valerij"]
[Black "Petrosian, Tigran L."]
[Result "0-1"]
[WhiteTitle "GM"]
[BlackTitle "GM"]
[WhiteElo "2546"]
[BlackElo "2643"]
[WhiteFideId "4119410"]
[BlackFideId "13301616"]
[EventDate "2012.03.20"]
[EventType "swiss"]

1. c4 Nf6 2. g3 c6 3. Nf3 d5 4. Bg2 dxc4 5. O-O Nbd7 6. Na3 Nb6 7. Qc2 Qd5 8.
Ne1 Qh5 9. Nxc4 Bd7 10. d4 g6 11. Nd3 Bg7 12. b3 O-O 13. Ba3 Rfe8 14. e4 Rad8
15. Bb2 Bc8 16. a4 Bh6 17. Nde5 Nbd7 18. a5 a6 19. h3 Nxe5 20. dxe5 Nd7 21. g4
Qh4 22. f4 Nf8 23. Bc3 Bg7 24. Qe2 Ne6 25. Qe3 Qh6 26. Rad1 f6 27. exf6 exf6 28.
Kh2 Bh8 0-1

[Event "13th EICC"]
[Site "Plovdiv BUL"]
[Date "2012.03.28"]
[Round "8.53"]
[White "Nyback, Tomi"]
[Black "Pridorozhni, Aleksei"]
[Result "1-0"]
[WhiteTitle "GM"]
[BlackTitle "GM"]
[WhiteElo "2636"]
[BlackElo "2524"]
[WhiteFideId "503142"]
[BlackFideId "4127870"]
[EventDate "2012.03.20"]
[EventType "swiss"]

1. d4 d5 2. c4 c6 3. Nf3 e6 4. Nc3 f5 5. Bf4 Nf6 6. e3 Be7 7. Qc2 O-O 8. Bd3 Ne4
9. g4 Qa5 10. a3 Nd7 11. Rg1 Nxc3 12. bxc3 dxc4 13. Bxc4 Nb6 14. Bd3 Nd5 15. Be5
Bf6 16. Bd6 Rd8 17. Bb4 Nxb4 18. cxb4 Qd5 19. e4 Qd7 20. gxf5 exf5 21. e5 Be7
22. Ke2 Qe8 23. Bxf5 Qh5 24. Bxc8 Rdxc8 25. Rg3 Kh8 26. Rag1 g6 27. Qb3 Rf8 28.
Qe6 Bh4 29. Rh3 1-0

[Event "13th EICC"]
[Site "Plovdiv BUL"]
[Date "2012.03.28"]
[Round "8.54"]
[White "Mastrovasilis, Dimitrios"]
[Black "Marin, Mihail"]
[Result "1/2-1/2"]
[WhiteTitle "GM"]
[BlackTitle "GM"]
[WhiteElo "2631"]
[BlackElo "2539"]
[WhiteFideId "4202694"]
[BlackFideId "1200020"]
[EventDate "2012.03.20"]
[EventType "swiss"]

1. e4 e6 2. d4 d5 3. Nc3 Bb4 4. a3 Bxc3+ 5. bxc3 dxe4 6. Qg4 Nf6 7. Qxg7 Rg8 8.
Qh6 Nbd7 9. Ne2 c5 10. a4 b6 11. Ng3 Bb7 12. Bb5 Rg6 13. Qd2 Qc7 14. a5 Bc6 15.
axb6 axb6 16. Rxa8+ Bxa8 17. Qf4 Qxf4 18. Bxf4 Ke7 19. O-O Nd5 20. Bd2 Nc7 21.
Be2 Rg8 22. Ra1 Bc6 23. Ra7 Rc8 24. Bf4 Nd5 25. Bd2 Nc7 26. Bf4 Nd5 27. Bd2 Nc7 1/2-1/2

[Event "13th EICC"]
[Site "Plovdiv BUL"]
[Date "2012.03.28"]
[Round "8.55"]
[White "Fedoseev, Vladimir3"]
[Black "Mamedov, Rauf"]
[Result "1/2-1/2"]
[WhiteTitle "GM"]
[BlackTitle "GM"]
[WhiteElo "2548"]
[BlackElo "2624"]
[WhiteFideId "24130737"]
[BlackFideId "13401653"]
[EventDate "2012.03.20"]
[EventType "swiss"]

1. d4 g6 2. c4 Bg7 3. Nc3 Nf6 4. e4 O-O 5. Nf3 d6 6. h3 e5 7. d5 Nh5 8. Nh2 Qe8
9. Be2 Nf4 10. Bf3 f5 11. g3 Nxh3 12. Bg2 Qf7 13. Bxh3 fxe4 14. Ng4 Bxg4 15.
Qxg4 Qxf2+ 16. Kd1 Qd4+ 17. Ke1 Qf2+ 18. Kd1 Qd4+ 19. Ke1 Qf2+ 1/2-1/2

[Event "13th EICC"]
[Site "Plovdiv BUL"]
[Date "2012.03.28"]
[Round "8.56"]
[White "Lupulescu, Constantin"]
[Black "Goganov, Aleksey"]
[Result "1-0"]
[WhiteTitle "GM"]
[BlackTitle "IM"]
[WhiteElo "2616"]
[BlackElo "2517"]
[WhiteFideId "1207822"]
[BlackFideId "24109959"]
[EventDate "2012.03.20"]
[EventType "swiss"]

1. d4 d5 2. c4 e6 3. Nc3 Be7 4. cxd5 exd5 5. Bf4 c6 6. Qc2 Nf6 7. h3 Qa5 8. Nf3
Ne4 9. Nd2 Nxd2 10. Qxd2 O-O 11. e3 Be6 12. Bd3 c5 13. dxc5 Nc6 14. O-O Qxc5 15.
Nb5 Rac8 16. Nc7 Bf6 17. Nxe6 fxe6 18. Rac1 Qb4 19. Qc2 h6 20. Qe2 e5 21. a3 Qb6
22. Bg3 e4 23. Bb5 a6 24. Bxc6 Rxc6 25. b4 Rfc8 26. Rcd1 Rd8 27. Qh5 d4 28. Bf4
d3 29. Qf5 Re8 30. f3 exf3 31. Rxf3 Rce6 32. Rxd3 Qc6 33. Kh2 Kh8 34. Rf2 Be5
35. Bxe5 Rxe5 36. Qf4 Qe6 37. Rf3 Re4 38. Qg3 Qe7 39. Rc3 Re5 40. Qf4 Re4 41.
Rc7 Rxf4 42. Rxe7 Rxe7 43. exf4 Re2 44. Rc3 Ra2 45. Kg3 h5 46. h4 Kh7 47. f5 Kg8
48. Kf3 Kf7 49. Rc7+ Kf6 50. Rxb7 Rxa3+ 51. Kf4 a5 52. Rb6+ Kf7 53. Rb7+ Kf6 54.
Rb6+ Kf7 55. b5 Ra2 56. g3 Rb2 57. Kg5 Rb3 58. Rb7+ Kg8 59. Kxh5 Rxg3 60. Ra7
Ra3 61. b6 Rb3 62. b7 Kh7 63. f6 Rb5+ 64. Kg4 Rb4+ 65. Kf3 1-0

[Event "13th EICC"]
[Site "Plovdiv BUL"]
[Date "2012.03.28"]
[Round "8.58"]
[White "Neverov, Valeriy"]
[Black "Howell, David W L"]
[Result "1-0"]
[WhiteTitle "GM"]
[BlackTitle "GM"]
[WhiteElo "2544"]
[BlackElo "2614"]
[WhiteFideId "14100150"]
[BlackFideId "410608"]
[EventDate "2012.03.20"]
[EventType "swiss"]

1. c4 Nf6 2. Nc3 e5 3. Nf3 Nc6 4. g3 d5 5. cxd5 Nxd5 6. Bg2 Nb6 7. O-O Be7 8. a3
O-O 9. b4 Be6 10. Rb1 f6 11. d3 Nd4 12. Ne4 Nxf3+ 13. Bxf3 Bd5 14. Be3 Kh8 15.
Qc2 c6 16. Bc5 Nd7 17. Bxe7 Qxe7 18. Nd2 Bxf3 19. Nxf3 f5 20. Qb3 Rf6 21. Rbc1
Raf8 22. b5 c5 23. Qd5 b6 24. Rc4 Re6 25. Qb7 e4 26. dxe4 fxe4 27. Nh4 Qe8 28.
Ra4 a5 29. bxa6 Nf6 30. Nf5 Rg8 31. Rc4 g6 32. Rb1 gxf5 33. Rxb6 e3 34. f3 Qd8
35. Rb1 Qd2 36. Kf1 Qa2 37. Rcc1 Ree8 38. a7 Qd2 39. Rxc5 f4 40. g4 Qd8 41. Qb2
Re6 42. Rf5 Qd2 43. Qa1 Qd6 44. g5 1-0

[Event "13th EICC"]
[Site "Plovdiv BUL"]
[Date "2012.03.28"]
[Round "8.59"]
[White "Pap, Gyula"]
[Black "Markowski, Tomasz"]
[Result "1/2-1/2"]
[WhiteTitle "GM"]
[BlackTitle "GM"]
[WhiteElo "2538"]
[BlackElo "2612"]
[WhiteFideId "725323"]
[BlackFideId "1105680"]
[EventDate "2012.03.20"]
[EventType "swiss"]

1. e4 e5 2. Nf3 Nc6 3. Bb5 a6 4. Ba4 Nf6 5. d3 d6 6. c3 g6 7. O-O Bg7 8. Bg5 O-O
9. Nbd2 h6 10. Bh4 Bd7 11. d4 Qe8 12. Bxf6 Bxf6 13. d5 Nb8 14. Bxd7 Nxd7 15. Ne1
Bg5 16. Nd3 f5 17. exf5 gxf5 18. f4 exf4 19. Kh1 Nf6 20. Qb3 Qe2 21. Rf3 Ng4 22.
Nf1 Ne3 23. Nxe3 fxe3 24. Qd1 Qxd1+ 25. Rxd1 Rae8 26. Re1 Re4 27. g3 e2 28. Nf4
Rfe8 29. Kg2 R8e5 30. Kf2 Bxf4 31. Rxf4 Rxf4+ 32. gxf4 Rxd5 33. Kxe2 Kf7 34. Rg1
Ra5 35. a3 Ra4 36. Kf3 Re4 37. h4 Re8 38. h5 Rg8 39. Rh1 a5 40. a4 Ke6 41. Re1+
Kd7 42. c4 Rg4 43. Rd1 b6 44. Rh1 Kc6 45. b3 Kc5 46. Rd1 c6 47. Rh1 d5 48. cxd5
cxd5 49. Rc1+ Kd6 50. Rb1 Rh4 51. Kg3 Rxh5 52. b4 axb4 53. Rxb4 Kc5 54. Rb5+ Kc6
55. Rb1 d4 56. Rb5 Rh1 57. Kf2 Ra1 58. Rxf5 Rxa4 59. Rh5 Ra5 60. f5 Re5 61.
Rxh6+ Kc5 62. f6 b5 63. Rh3 Rf5+ 1/2-1/2

[Event "13th EICC"]
[Site "Plovdiv BUL"]
[Date "2012.03.28"]
[Round "8.61"]
[White "Guliyev, Namig"]
[Black "Rakhmanov, Aleksandr"]
[Result "0-1"]
[WhiteTitle "GM"]
[BlackTitle "GM"]
[WhiteElo "2532"]
[BlackElo "2602"]
[WhiteFideId "13400363"]
[BlackFideId "4173708"]
[EventDate "2012.03.20"]
[EventType "swiss"]

1. e4 c5 2. Nf3 Nf6 3. Nc3 d5 4. exd5 Nxd5 5. Bb5+ Bd7 6. Ne5 Nf6 7. Nxd7 Nbxd7
8. d4 e6 9. O-O a6 10. Be2 Qc7 11. d5 e5 12. Be3 Bd6 13. a4 O-O 14. a5 e4 15. g3
Rae8 16. Ra4 h6 17. Re1 Re7 18. Bf1 Rfe8 19. b3 Be5 20. Bd2 Bd4 21. Bf4 Qd8 22.
d6 Re6 23. Rxd4 cxd4 24. Qxd4 g5 25. Bc4 gxf4 26. Bxe6 Rxe6 27. Nxe4 Ne5 28. Kg2
Nxe4 29. Rxe4 Nc6 30. Qa4 Rxe4 31. Qxe4 Qxd6 0-1

[Event "13th EICC"]
[Site "Plovdiv BUL"]
[Date "2012.03.28"]
[Round "8.62"]
[White "Solak, Dragan"]
[Black "Huschenbeth, Niclas"]
[Result "1/2-1/2"]
[WhiteTitle "GM"]
[BlackTitle "GM"]
[WhiteElo "2602"]
[BlackElo "2509"]
[WhiteFideId "916811"]
[BlackFideId "24604747"]
[EventDate "2012.03.20"]
[EventType "swiss"]

1. Nf3 Nf6 2. c4 e6 3. Nc3 Bb4 4. Qc2 O-O 5. a3 Bxc3 6. Qxc3 d6 7. e3 e5 8. b4
Nbd7 9. Bb2 b6 10. d3 Bb7 11. Be2 c5 12. O-O Re8 13. Rfe1 Rc8 14. Rad1 Qc7 15.
Nh4 d5 16. cxd5 Nxd5 17. Qd2 cxb4 18. axb4 g6 19. e4 Nf4 20. d4 Nxe2+ 21. Rxe2
Ba6 22. Ree1 Qc2 23. Nf3 Qxd2 24. Rxd2 exd4 25. Ra1 Bc4 26. Rxd4 Nb8 27. h4 Bb5
28. e5 Nc6 29. Rf4 h6 30. h5 g5 31. Rf6 Re6 32. Nh2 Rxf6 33. exf6 a6 34. Ng4 Kh7
35. Re1 Nxb4 36. Re7 Be8 37. Ne5 Kg8 38. Ng4 Kh7 39. Ne5 Nd5 40. Ra7 Nc7 41.
Nxf7 Bxf7 42. Be5 Bxh5 43. Bxc7 Bf7 1/2-1/2

[Event "13th EICC"]
[Site "Plovdiv BUL"]
[Date "2012.03.28"]
[Round "8.65"]
[White "Heberla, Bartlomiej"]
[Black "Halkias, Stelios"]
[Result "1-0"]
[WhiteTitle "GM"]
[BlackTitle "GM"]
[WhiteElo "2525"]
[BlackElo "2588"]
[WhiteFideId "1115120"]
[BlackFideId "4201809"]
[EventDate "2012.03.20"]
[EventType "swiss"]

1. e4 c5 2. Nc3 e6 3. g3 Nc6 4. Bg2 g6 5. d3 Bg7 6. f4 Nge7 7. Nf3 O-O 8. O-O d6
9. Be3 b6 10. d4 Ba6 11. Re1 cxd4 12. Nxd4 Rc8 13. Nb3 Rc7 14. Qd2 Rd7 15. Rad1
Qc7 16. Qf2 Bc4 17. Nd4 Nxd4 18. Bxd4 e5 19. Be3 exf4 20. Bxf4 Nc6 21. Kh1 Ne5
22. Nd5 Bxd5 23. Rxd5 h6 24. Red1 Qc6 25. b3 b5 26. Qe2 a6 27. R1d2 Rfd8 28. Qd1
Kh7 29. R2d4 Rc7 30. Rd2 Rcd7 31. a3 Qc3 32. Rf2 Rc7 33. Bh3 Re7 34. Bd2 Qc6 35.
Ba5 Rde8 36. Bb4 Nd7 37. Rxd6 Qxe4+ 38. Bg2 Qe3 39. Rxd7 Rxd7 40. Qxd7 a5 41.
Rxf7 1-0

[Event "13th EICC"]
[Site "Plovdiv BUL"]
[Date "2012.03.28"]
[Round "8.66"]
[White "Brkic, Ante"]
[Black "Gallagher, Joseph G."]
[Result "0-1"]
[WhiteTitle "GM"]
[BlackTitle "GM"]
[WhiteElo "2587"]
[BlackElo "2502"]
[WhiteFideId "14506688"]
[BlackFideId "1303422"]
[EventDate "2012.03.20"]
[EventType "swiss"]

1. e4 c5 2. Nf3 d6 3. d4 cxd4 4. Qxd4 Nc6 5. Bb5 Bd7 6. Bxc6 Bxc6 7. Nc3 Nf6 8.
Bg5 e6 9. Qd3 Be7 10. Nd4 O-O 11. O-O-O Qc7 12. f4 Rac8 13. Kb1 a6 14. f5 Bd7
15. g4 Qc4 16. Qe3 b5 17. Rd2 b4 18. Nce2 Rfe8 19. Ng3 h6 20. h4 Qc5 21. Qf3
exf5 22. gxf5 d5 23. exd5 Qb6 24. Qg2 Rc4 25. Bxh6 Rxd4 26. Ne4 Bf8 27. Be3 Rxd2
28. Nxf6+ Qxf6 29. Qxd2 Bxf5 30. h5 Rc8 31. Re1 Bd6 32. h6 Be5 33. Rc1 Qg6 34.
hxg7 Rxc2 35. Rxc2 Bxc2+ 0-1

[Event "13th EICC"]
[Site "Plovdiv BUL"]
[Date "2012.03.28"]
[Round "8.69"]
[White "Nyzhnyk, Illya"]
[Black "Klein, David"]
[Result "1/2-1/2"]
[WhiteTitle "GM"]
[BlackTitle "FM"]
[WhiteElo "2585"]
[BlackElo "2418"]
[WhiteFideId "14118084"]
[BlackFideId "1003623"]
[EventDate "2012.03.20"]
[EventType "swiss"]

1. d4 Nf6 2. c4 e6 3. Nf3 d5 4. Nc3 dxc4 5. e4 Bb4 6. Qc2 b5 7. a4 c6 8. Be2 Bb7
9. O-O a6 10. Bg5 h6 11. Bh4 Nbd7 12. e5 g5 13. Bg3 Nh5 14. Ne4 Qb6 15. a5 Qa7
16. Rfd1 Be7 17. Rac1 Nxg3 18. hxg3 g4 19. Nfd2 c5 20. dxc5 Nxe5 21. b3 cxb3 22.
Qb2 f6 23. Nd6+ Kf8 24. Nxb7 Qxb7 25. Nxb3 Kf7 26. Nd4 Rad8 27. Qb3 Qd5 28. Qc2
Qb7 29. Qa2 Qd5 30. Qc2 Qb7 31. f4 gxf3 32. Nxf3 Rd5 33. Nxe5+ Rxe5 34. c6 Qa7+
35. Kf1 h5 36. Rd7 Qe3 37. Rd3 Qa7 38. Rd7 Qe3 39. Rd3 Qa7 40. Rd7 Qe3 1/2-1/2

[Event "13th EICC"]
[Site "Plovdiv BUL"]
[Date "2012.03.28"]
[Round "8.70"]
[White "Holzke, Frank"]
[Black "Kuljasevic, Davorin"]
[Result "1/2-1/2"]
[WhiteTitle "GM"]
[BlackTitle "GM"]
[WhiteElo "2508"]
[BlackElo "2580"]
[WhiteFideId "4600428"]
[BlackFideId "14506661"]
[EventDate "2012.03.20"]
[EventType "swiss"]

1. d4 e6 2. e4 d5 3. Nd2 c5 4. Ngf3 cxd4 5. exd5 Qxd5 6. Bc4 Qd7 7. O-O Nc6 8.
Nb3 Nf6 9. Nbxd4 Nxd4 10. Nxd4 a6 11. Bf4 b5 12. Be2 Bb7 13. Bf3 Bxf3 14. Qxf3
Qd5 15. Qc3 Qc4 16. Qf3 Qd5 17. Qc3 b4 18. Qc7 Qd7 19. Qe5 Qd5 20. Qc7 Qd7 21.
Qe5 Qd5 22. Qc7 1/2-1/2

[Event "13th EICC"]
[Site "Plovdiv BUL"]
[Date "2012.03.28"]
[Round "8.72"]
[White "Baratosi, Daniel"]
[Black "Ruck, Robert"]
[Result "0-1"]
[WhiteTitle "IM"]
[BlackTitle "GM"]
[WhiteElo "2407"]
[BlackElo "2579"]
[WhiteFideId "1210351"]
[BlackFideId "705713"]
[EventDate "2012.03.20"]
[EventType "swiss"]

1. e4 c5 2. Nf3 d6 3. d4 cxd4 4. Nxd4 Nf6 5. Nc3 a6 6. Be3 Ng4 7. Bc1 Nf6 8. Be3
Ng4 9. Bc1 Nc6 10. f3 Qb6 11. Nd5 Qxd4 12. Qxd4 Nxd4 13. Bd3 Rb8 14. fxg4 Bxg4
15. h3 Bd7 16. Be3 Ne6 17. b4 g6 18. c3 Bg7 19. Kd2 Bc6 20. Nb6 Nc7 21. Rhe1 O-O
22. Rac1 d5 23. Bg5 e5 24. Kc2 Rfe8 25. g4 Re6 26. exd5 Nxd5 27. Nxd5 Bxd5 28.
c4 Bg2 29. Rg1 Bc6 30. c5 Bd5 31. Rcd1 e4 32. Bxa6 Rxa6 33. Rxd5 Rxa2+ 34. Kb3
Rb2+ 35. Kc4 h6 36. Bf4 b5+ 37. cxb6 Rxb6 38. b5 g5 39. Be5 Rc2+ 40. Kb3 Rf2 41.
Bc7 Rb2+ 42. Ka4 Re6 43. Rd6 e3 44. Rxe6 fxe6 45. Re1 e2 46. b6 Bd4 47. Ka3 Kf7
48. Bh2 Rxb6 49. Rxe2 e5 50. Bg3 Ke6 51. h4 Kd5 52. hxg5 hxg5 53. Be1 e4 54. Ka4
e3 55. Rc2 Rb1 0-1

[Event "13th EICC"]
[Site "Plovdiv BUL"]
[Date "2012.03.28"]
[Round "8.74"]
[White "Papin, Vasily"]
[Black "Popilski, Gil"]
[Result "1-0"]
[WhiteTitle "GM"]
[BlackTitle "IM"]
[WhiteElo "2575"]
[BlackElo "2389"]
[WhiteFideId "4143183"]
[BlackFideId "2809060"]
[EventDate "2012.03.20"]
[EventType "swiss"]

1. c4 c5 2. g3 Nc6 3. Bg2 g6 4. Nc3 Bg7 5. Nf3 Nh6 6. d4 cxd4 7. Bxh6 Bxh6 8.
Nxd4 Nxd4 9. Qxd4 O-O 10. O-O d6 11. Rfd1 Bg7 12. Qe3 Bxc3 13. Qxc3 Qc7 14. b3
Be6 15. Qe3 a5 16. Rd4 Qb6 17. Rad1 Qc5 18. Bxb7 Rab8 19. Bd5 Bxd5 20. Qh6 f6
21. Rxd5 Qb4 22. Qe3 Kf7 23. Qa7 a4 24. R5d3 axb3 25. axb3 Rb7 26. Qe3 Ra8 27.
h4 Ra5 28. Rd5 Rxd5 29. cxd5 Qxb3 30. Qe6+ Kg7 31. Rc1 Ra7 32. Rc8 Kh6 33. Rh8
Ra1+ 34. Kg2 Qb1 35. Qe3+ g5 36. hxg5+ fxg5 37. Qe6+ Qg6 38. Qxe7 Ra4 39. Re8
Kh5 40. f3 Qf5 41. Rf8 Qg6 42. Rf6 1-0

[Event "13th EICC"]
[Site "Plovdiv BUL"]
[Date "2012.03.28"]
[Round "8.75"]
[White "Lomsadze, Davit"]
[Black "Bosiocic, Marin"]
[Result "1/2-1/2"]
[BlackTitle "GM"]
[WhiteElo "2338"]
[BlackElo "2562"]
[WhiteFideId "13603450"]
[BlackFideId "14507927"]
[EventDate "2012.03.20"]
[EventType "swiss"]

1. d4 Nf6 2. Nf3 g6 3. g3 d5 4. Bg2 Bg7 5. O-O O-O 6. Nbd2 a5 7. Re1 Bf5 8. Nh4
Bg4 9. h3 Be6 10. Nhf3 c5 11. dxc5 Na6 12. Nd4 Bd7 13. e4 Nxe4 14. Nxe4 dxe4 15.
c6 bxc6 16. Bxe4 Qc8 17. Bg2 Rd8 18. Rxe7 Bf6 19. Re1 c5 20. Nf3 Bxh3 21. Qe2
Bxg2 22. Kxg2 Qc6 23. c3 Re8 24. Be3 a4 25. a3 Nc7 26. Qc4 Nd5 27. Bd4 Be7 28.
Be5 Nb6 29. Qe4 Qxe4 30. Rxe4 f5 31. Re2 Nc4 32. Rd1 Bf8 33. Rde1 h6 34. Bf4
Rxe2 35. Rxe2 g5 36. Bc1 Rb8 37. Nh2 Bg7 38. Nf1 Ne5 39. Rd2 c4 40. Rd5 Nd3 41.
Bd2 Nxb2 42. Ne3 f4 43. gxf4 gxf4 44. Nc2 Nd3 45. Nb4 f3+ 46. Kg3 Nxb4 47. cxb4
Bb2 48. Ra5 c3 49. Bxh6 Bxa3 50. Rxa4 Bb2 51. b5 Rxb5 52. Rc4 Rf5 53. Bf4 Kh7
54. Kxf3 Bc1 55. Rxc3 Bxf4 1/2-1/2

[Event "13th EICC"]
[Site "Plovdiv BUL"]
[Date "2012.03.28"]
[Round "8.76"]
[White "Nevednichy, Vladislav"]
[Black "Petenyi, Tamas"]
[Result "1/2-1/2"]
[WhiteTitle "GM"]
[BlackTitle "FM"]
[WhiteElo "2562"]
[BlackElo "2359"]
[WhiteFideId "1205730"]
[BlackFideId "14909090"]
[EventDate "2012.03.20"]
[EventType "swiss"]

1. e4 e5 2. Nf3 Nc6 3. Bc4 Nf6 4. d3 Be7 5. O-O O-O 6. a3 d6 7. Nc3 Bg4 8. h3
Bh5 9. Nd5 Nxd5 10. Bxd5 Qc8 11. g4 Bg6 12. Kg2 Nd8 13. Ba2 Ne6 14. h4 h5 15.
Ng5 Bxg5 16. hxg5 hxg4 17. Rh1 Nd4 18. f4 gxf3+ 19. Kg3 Ne2+ 20. Kxf3 Nxc1 21.
Qxc1 Re8 22. Qd2 Kf8 23. Rh4 Ke7 24. Rah1 Rf8 25. Ke2 Qd7 26. Qe3 Qc6 27. Bb3
Qb6 28. Qxb6 axb6 29. Ke3 c6 30. R4h2 Rfd8 31. c3 Ra5 32. Rf1 Rf8 33. Rg1 Raa8
34. Rgh1 Ra5 35. Rg1 Raa8 36. Rgh1 Ra5 37. Rg1 1/2-1/2

[Event "13th EICC"]
[Site "Plovdiv BUL"]
[Date "2012.03.28"]
[Round "8.77"]
[White "Popovic, Dusan"]
[Black "Boruchovsky, Avital"]
[Result "1-0"]
[WhiteTitle "GM"]
[BlackTitle "FM"]
[WhiteElo "2561"]
[BlackElo "2333"]
[WhiteFideId "927031"]
[BlackFideId "2800055"]
[EventDate "2012.03.20"]
[EventType "swiss"]

1. e4 e5 2. Nf3 Nc6 3. Bb5 a6 4. Ba4 Nf6 5. d3 d6 6. c3 g6 7. Nbd2 Bg7 8. O-O
O-O 9. Re1 Re8 10. Nf1 h6 11. Ng3 b5 12. Bc2 d5 13. a4 Bb7 14. Bd2 Qd7 15. exd5
Nxd5 16. Ne4 Qe7 17. b4 Rad8 18. Bb3 Bc8 19. h3 Nf6 20. Nc5 Nd7 21. Ne4 Nf6 22.
axb5 axb5 23. Nc5 Nd7 24. Ne4 Nf6 25. Qc1 Rxd3 26. Bxh6 Nxe4 27. Rxe4 Be6 28.
Bxe6 Qxe6 29. Bxg7 Kxg7 30. Rh4 Qf6 31. Qh6+ Kg8 32. Ra6 Rxc3 33. Ng5 Rc2 34.
Ne4 Qg7 35. Qg5 Kf8 36. Nf6 Re6 37. Rh8+ Qxh8 38. Ra8+ Kg7 39. Rxh8 Rxf6 40.
Qh6# 1-0

[Event "13th EICC"]
[Site "Plovdiv BUL"]
[Date "2012.03.28"]
[Round "8.78"]
[White "Soffer, Ram"]
[Black "Erdos, Viktor"]
[Result "1/2-1/2"]
[WhiteTitle "GM"]
[BlackTitle "GM"]
[WhiteElo "2492"]
[BlackElo "2631"]
[WhiteFideId "2800101"]
[BlackFideId "719978"]
[EventDate "2012.03.20"]
[EventType "swiss"]

1. c4 e5 2. Nc3 Nc6 3. Nf3 f5 4. g3 Nf6 5. d4 e4 6. Nh4 g6 7. Bg5 Bg7 8. Qd2 d6
9. f3 O-O 10. Bg2 exf3 11. Bxf3 Qe8 12. O-O Rf7 13. e3 Nd8 14. e4 fxe4 15. Rae1
Bh3 16. Bxf6 Bxf6 17. Nxe4 Qf8 18. Bg2 Bxg2 19. Nxf6+ Rxf6 20. Nxg2 Ne6 21. d5
Ng7 22. Ne3 h5 23. Qc3 Rxf1+ 24. Rxf1 Qe7 25. Ng2 Re8 26. Nh4 g5 27. Ng2 Qe5 28.
Qd2 Rf8 29. Re1 Qf6 30. h4 gxh4 31. Nxh4 Rf7 32. b3 c6 33. dxc6 bxc6 34. Kg2 d5
35. cxd5 cxd5 36. Qe2 d4 37. Qe4 Rd7 38. Rf1 Qe6 39. Qa8+ Kh7 40. Nf3 Qd5 41.
Qxd5 Rxd5 42. Rd1 Nf5 43. Rd2 Kg6 44. Kf2 Kf6 45. b4 a5 46. bxa5 Rxa5 47. Nxd4
Nxd4 48. Rxd4 Rxa2+ 1/2-1/2

[Event "13th EICC"]
[Site "Plovdiv BUL"]
[Date "2012.03.28"]
[Round "8.80"]
[White "Hracek, Zbynek"]
[Black "Paichadze, Luka"]
[Result "1-0"]
[WhiteTitle "GM"]
[BlackTitle "IM"]
[WhiteElo "2627"]
[BlackElo "2491"]
[WhiteFideId "300071"]
[BlackFideId "13602934"]
[EventDate "2012.03.20"]
[EventType "swiss"]

1. d4 Nf6 2. c4 e6 3. Nc3 d5 4. cxd5 exd5 5. Bg5 Be7 6. e3 O-O 7. Bd3 Nbd7 8.
Nge2 Re8 9. O-O c6 10. f3 c5 11. Rc1 h6 12. Bh4 a6 13. dxc5 Bxc5 14. Nxd5 g5 15.
Nxf6+ Qxf6 16. Bf2 Bxe3 17. Bxe3 Rxe3 18. Be4 Qxb2 19. Rxc8+ Rxc8 20. Qxd7 Rc2
21. Qd8+ Kg7 22. Qd4+ Qxd4 23. Nxd4 Rxe4 24. Nxc2 Ra4 25. a3 Rc4 26. Rf2 b5 27.
Kf1 a5 28. Ke1 Kg6 29. Kd2 f5 30. Kd3 Rh4 31. g3 Ra4 32. Re2 g4 33. fxg4 fxg4
34. Nd4 b4 35. axb4 axb4 36. Re6+ 1-0

[Event "13th EICC"]
[Site "Plovdiv BUL"]
[Date "2012.03.28"]
[Round "8.81"]
[White "Arnaudov, G. Petar"]
[Black "Delchev, Aleksander"]
[Result "0-1"]
[WhiteTitle "IM"]
[BlackTitle "GM"]
[WhiteElo "2476"]
[BlackElo "2622"]
[WhiteFideId "2907127"]
[BlackFideId "2900394"]
[EventDate "2012.03.20"]
[EventType "swiss"]

1. Nf3 b6 2. g3 Bb7 3. Bg2 c5 4. O-O g6 5. d4 Bg7 6. d5 Nf6 7. c4 b5 8. Re1 bxc4
9. Nc3 d6 10. Nd2 O-O 11. Nxc4 Ba6 12. Qa4 Qe8 13. Qxe8 Nxe8 14. Na5 Nc7 15. Bd2
Nd7 16. Rab1 Nb6 17. e4 Nc4 18. Nxc4 Bxc4 19. b3 Bd3 20. Rbc1 Rab8 21. Bf4 f6
22. h4 Na6 23. Rcd1 c4 24. Be3 f5 25. exf5 gxf5 26. bxc4 Bxc4 27. Bxa7 Ra8 28.
Bd4 Nc5 29. Bxc5 dxc5 30. d6 Ra7 31. d7 Bd4 32. Nd5 Bxd5 33. Bxd5+ Kg7 34. Be6
Ra6 35. Bc4 Ra7 36. Bb5 Rxa2 37. Rf1 e5 38. Rde1 Rd8 39. Kg2 Kf6 40. g4 fxg4 41.
Kg3 Ra3+ 42. Kg2 Ke7 43. Rb1 h5 44. Rfd1 Ra2 45. Rf1 Rf8 46. Bc6 Kd6 47. Be4
Rfxf2+ 48. Rxf2 Rxf2+ 49. Kg3 Kxd7 50. Rb7+ Kd6 51. Rb6+ Ke7 52. Rb7+ Kf8 53.
Rb8+ Kg7 54. Rb7+ Rf7 55. Rb6 Bf2+ 56. Kg2 Bxh4 57. Rg6+ Kf8 58. Rc6 Rf2+ 59.
Kg1 Rf4 0-1

[Event "13th EICC"]
[Site "Plovdiv BUL"]
[Date "2012.03.28"]
[Round "8.83"]
[White "Andriasian, Zaven"]
[Black "Hagen, Andreas Skytte"]
[Result "1-0"]
[WhiteTitle "GM"]
[BlackTitle "IM"]
[WhiteElo "2616"]
[BlackElo "2453"]
[WhiteFideId "13302000"]
[BlackFideId "1407341"]
[EventDate "2012.03.20"]
[EventType "swiss"]

1. e4 c5 2. Nf3 d6 3. d4 cxd4 4. Nxd4 Nf6 5. Nc3 a6 6. Be3 e6 7. a4 Be7 8. a5
O-O 9. Be2 Qc7 10. O-O Nbd7 11. g4 d5 12. exd5 Nxd5 13. Nxd5 exd5 14. Nf5 Bf6
15. c3 Ne5 16. Qxd5 Bxf5 17. gxf5 Rfe8 18. Rfd1 Rac8 19. Qd6 Bd8 20. Qxc7 Bxc7
21. Rd5 Rcd8 22. Rad1 Rxd5 23. Rxd5 Rd8 24. Rxd8+ Bxd8 25. b4 Kf8 26. f4 Nc6 27.
Bf3 Ke8 28. Kf2 Kd7 29. Ke2 Bc7 30. Bd5 f6 31. h3 Bd6 32. Kd3 Kc7 33. Ke4 Ne7
34. Bb6+ Kb8 35. Be6 Ka8 36. Be3 Kb8 37. Bd2 Nc6 38. Bg8 h6 39. Bd5 Kc7 40. Kd3
Ne7 41. Be4 g6 42. fxg6 f5 43. Bxf5 Nxf5 44. Ke4 Ne7 45. f5 Ng8 46. f6 Nxf6+ 47.
Kf5 Ng8 48. Ke6 Bf8 49. Kf7 Ne7 50. h4 h5 51. Bg5 Nxg6 52. Kxg6 b6 53. axb6+
Kxb6 54. Bf6 1-0

[Event "13th EICC"]
[Site "Plovdiv BUL"]
[Date "2012.03.28"]
[Round "8.84"]
[White "Jurcik, Marian"]
[Black "Guseinov, Gadir"]
[Result "1/2-1/2"]
[WhiteTitle "IM"]
[BlackTitle "GM"]
[WhiteElo "2467"]
[BlackElo "2616"]
[WhiteFideId "14907518"]
[BlackFideId "13401378"]
[EventDate "2012.03.20"]
[EventType "swiss"]

1. d4 Nf6 2. c4 g6 3. Nc3 Bg7 4. e4 d6 5. Nf3 O-O 6. Be2 Bg4 7. Be3 Nfd7 8. Ng1
Bxe2 9. Ngxe2 c5 10. O-O cxd4 11. Bxd4 Nf6 12. Qb3 b6 13. Nd5 Nbd7 14. f3 Rc8
15. Rfd1 Re8 16. Rac1 Rc6 17. Nb4 Rc8 18. Nd5 Rc6 19. Nb4 Rc8 20. Nd5 1/2-1/2